Digitální naděje a palčivější problémy
Celkový podiel outdoor reklamy na reklamných výdavkoch za posledných päť rokov v globálnom meradle. Problémy stagnovania. Stratégia veľkých hráčov, medzi ktorých patrí spoločnosť JCDecaux - menej je viac. Redukcia tradičných plôch a investície do modernizácie verejných priestranstiev. Mobilné šance...
Guardado en:
| Autor principal: | |
|---|---|
| Formato: | Capítulo de libro |
| Lenguaje: | checo |
| Materias: | |
| Etiquetas: |
Sin Etiquetas, Sea el primero en etiquetar este registro!
|
MARC
| LEADER | 00000naa a2200000 4500 | ||
|---|---|---|---|
| 001 | 0146033 | ||
| 005 | 20231019095707.2 | ||
| 041 | 0 | |a cze | |
| 044 | |a CZ | ||
| 245 | 1 | 0 | |a Digitální naděje a palčivější problémy |c Veronika Bartošová |
| 520 | |a Celkový podiel outdoor reklamy na reklamných výdavkoch za posledných päť rokov v globálnom meradle. Problémy stagnovania. Stratégia veľkých hráčov, medzi ktorých patrí spoločnosť JCDecaux - menej je viac. Redukcia tradičných plôch a investície do modernizácie verejných priestranstiev. Mobilné šance pre OOH platformy. Skúsenosti z Veľkej Británie. | ||
| 610 | 2 | 0 | |a reklama vonkajšia |
| 610 | 2 | 0 | |a propagácia |
| 610 | 2 | 0 | |a digitalizácia |
| 610 | 2 | 0 | |a marketing |
| 100 | 1 | |a Bartošová, Veronika | |